Normal view
MARC view
- Radio astronomy
Entry Topical Term
001 - CONTROL NUMBER
- control field: 39050
003 - CONTROL NUMBER IDENTIFIER
- control field: OSt
005 - DATE AND TIME OF LATEST TRANSACTION
- control field: 20160114140318.0
008 - FIXED-LENGTH DATA ELEMENTS
- fixed length control field: 160114|| aca||babn | a|a d
040 ## - CATALOGING SOURCE
- Original cataloging agency: OSt
150 ## - HEADING--TOPICAL TERM
- Topical term or geographic name as entry element: Radio astronomy
450 ## - SEE FROM TRACING--TOPICAL TERM
- Topical term or geographic name entry element: Radioastronomy
550 ## - SEE ALSO FROM TRACING--TOPICAL TERM
- Topical term or geographic name entry element: Astronomy
550 ## - SEE ALSO FROM TRACING--TOPICAL TERM
- Topical term or geographic name entry element: Interstellar communication